[Event "CB-Emu swiss"]
[Site "?"]
[Date "2017.03.24"]
[Round "1"]
[White "Elite A/S Glasgow, Fidelity"]
[Black "Complete Chess System, DOS."]
[Result "1/2-1/2"]
[WhiteElo "1820"]
[BlackElo "2200"]
[Annotator "Houdini 4 Pro w32 4core (60s)"]
[PlyCount "101"]
[EventDate "2017.??.??"]

{D02: Damenbauernspiele D02: Damenbauernspiele} 1. d4 d5 2. Nf3 Nc6 3. g3 {
und schon war das CCS aus dem Buch...} Nf6 {und auch der Elite ist mit der
Buchweisheit am Ende} 4. Ne5 $146 {den Sinn von g3 haben wir wohl nicht
verstanden...} (4. b3 Bf5 (4... e6 5. Bg2 Bb4+ 6. Nbd2 O-O 7. c4 Ne4 8. O-O b6
9. a3 Bc3 10. Rb1 Nxd4 11. Nxe4 dxe4 12. Ng5 e5 13. Bxe4 Bh3 14. Nxh3 Rc8 15.
e3 Ne6 16. Qh5 Qf6 17. Qxh7# {1-0 (17) Dohm,F-Ranger,S Gaylord 1994}) 5. a3 Qd7
6. Bg2 Bh3 7. O-O Bxg2 8. Kxg2 h5 9. Bb2 h4 10. Rh1 h3+ 11. Kg1 Qf5 12. Nbd2 e6
13. c4 O-O-O 14. Qb1 Ne4 15. Nxe4 dxe4 16. Nd2 Nxd4 17. Qxe4 Qxe4 18. Nxe4
Nxe2+ {Jekel,W-Jehle,B Jedesheim 1991 0-1 (44)} 19. Kf1 Nd4 20. Ng5 Nxb3 21.
Nxf7 Nxa1 22. Nxd8 Kxd8 23. Bxa1 Rh5 24. Ke2 Bxa3 25. Bxg7 Bc5 26. Rd1+ Ke7 27.
f4 Bd6 28. Kf3 Rc5 29. Kg4 Rxc4 30. Kxh3 Rc2 31. Rb1 b6 32. Rb2 Rxb2 33. Bxb2
c5 {Jekel,W-Jehle,B Jedesheim 1991 0-1 (44)}) (4. Nc3 e6 5. Bg2 Bd6 (5... Be7
6. O-O h6 7. b3 Bb4 8. Bb2 Nh5 9. a3 Bd6 10. Re1 Qf6 11. e4 O-O 12. e5 Qe7 13.
exd6 Qxd6 14. Ne5 g6 15. Nb5 Qe7 16. a4 a6 17. Ba3 Qd8 18. Bxf8 Qxf8 19. Nc3
Nb4 20. Qd2 {Watkins,R-Figueroa,L Santiago de Chile 1992 1-0 (36)} Qg7 21. Na2
g5 22. Qxb4 f6 23. Ng4 a5 24. Qc5 b6 25. Qc6 Ra6 26. Rad1 b5 27. Qxb5 Kh7 28.
Qe8 Bd7 29. Qxh5 Ra8 30. Nc3 Be8 31. Qh3 h5 32. Ne3 f5 33. Nxf5 exf5 34. Qxf5+
Bg6 35. Qxg5 {Watkins,R-Figueroa,L Santiago de Chile 1992 1-0 (36)}) 6. a3 a6
7. O-O O-O 8. Bg5 h6 9. Bxf6 Qxf6 10. e4 dxe4 11. Nxe4 Qe7 12. c4 Qd7 13. c5
Be7 14. Qd3 e5 15. d5 f5 16. d6 fxe4 17. Qb3+ Qe6 18. Qxe6+ Bxe6 {Mikalsen,
E-Rasmussen,R Alta 2004 1/2-1/2} 19. dxe7 Rxf3 20. Bxf3 exf3 21. Rfe1 Re8 22.
Re3 Rxe7 23. Rxf3 Nd4 24. Rd3 Bf5 25. Rdd1 Be4 26. Kf1 Kf7 27. Rac1 Bf3 28. Re1
Nb3 29. Rc3 Nd4 30. Rce3 {1/2-1/2 (30) Mikalsen,E-Rasmussen,R Alta 2004}) 4...
Nxe5 5. dxe5 Ng4 6. f4 Bf5 (6... c6 7. h3 Nh6 8. e4 $11) 7. Bg2 {Oh, er hat
gemerkt dass er mal g3 gespielt hat...} e6 8. h3 Nh6 9. Nc3 Bb4 {Nach der
vergewaltigten Eröffnung des Elite kann man schon jetzt sagen, dass Schwarz
hier klar besser steht.} 10. Bd2 Qe7 {Mir hätte Lg6 (um das Feld f5 für den
Springer freizumachen) besser gefallen.} (10... Bg6 11. e4 Bxc3 12. Bxc3 Bxe4
13. Bxe4 dxe4 14. g4 $11) 11. a3 Bxc3 12. Bxc3 {Weiß hat das Läuferpaar} ({
Nachteilig ist} 12. bxc3 Be4 13. O-O Nf5 $17) 12... O-O-O {Eine interessante
Fortsetzung, die zu einem völlig anderen Spiel führt, als die von mir
priorisierte kurze Rochade. Ich denke dass die Stellung nun völlig
ausgeglichen ist.} (12... Bg6 13. g4 $11) 13. Qd4 $14 Kb8 (13... Bxc2 $2 {
scheitert an} 14. Qxa7 Qe8 15. Qa8+ Kd7 16. Qxb7 $18) 14. Bb4 (14. O-O-O Bg6
$16) 14... Qe8 $14 15. O-O-O {Also kein interessanter Kampf mit heterogenen
Rochaden. Auch der Elite wählt den "langen" Weg} Bg6 16. g4 $1 {Sehr schön
gespielt. Der Elite verhindert den weiteren Zugang zum Feld f5 für die
schwarzen Leichtfiguren} b6 17. Qf2 Qc6 18. e3 a5 {Diese Schwächung der
Rochadestellung kann nicht gut sein. Besser Td7. Irgendwie verliert das
PC-Programm gerade den Faden. Da helfen auch 3 GHz nichts...} (18... Rhe8 $142
$5 $14 {kommt in Betracht}) 19. Be7 $16 {Überführung auf den Königsflügel} Rd7
20. Bg5 Ng8 $2 (20... Rg8 $142 $16) 21. f5 $18 {Das ist schon fast eine
Traumstellung. Weiss ist im Angriff, Schwarzer Turm und Springer spielen nicht
mit. Der schwarze Läufer hat auch keine Felder. Was will man mehr?} exf5 22.
gxf5 Bh5 23. Rd3 h6 (23... f6 24. e6 fxg5 25. exd7 $18) 24. Rc3 (24. Bf4 {
lässt dem Gegner kaum Chancen} Ka7 $18) 24... Qb5 {24. ...Dxc3 25. bxc3 hxg5
verschafft auch keine Erleichterung.} (24... Qb7 25. e6 fxe6 26. fxe6 hxg5 27.
exd7 $18) 25. e6 {Schon einige der Underdogs haben in dieser Runde gegen die
Favoriten eine bessere Stellung erreicht die dann zum glücklichen Remis für
den Favoriten wurde. Man könnte auch sagen: Viele waren berufen. Sollte heute
tatsächlich jemand auserwählt sein?} (25. Bf1 $142 {und Schwarz kann direkt
aufgeben} Qa4 26. Bf4 $18) 25... hxg5 26. Bf1 {Besser ist wahrscheinlich Tb3..
Weiß droht Materialgewinn: Lf1xb5} (26. Rb3 $142 $5 Qc6 27. exd7 $18) 26... Qa4
$14 27. exd7 Qxd7 28. Bd3 f6 29. Rg1 (29. h4 Be8 $14) 29... Bf7 {Überraschend.
Ich hätte eher mit Dd6 oder - nachdem die Stellung jetzt nicht mehr so
gedrückt ist - mit der Entwicklung des Springers gerechnet.} 30. Qh2 Ne7 31.
Kb1 {Weiss steht immer noch besser, aber der größte Druck ist aus der Stellung
raus und das CCS spielt wieder mit.} (31. e4 Nc8 32. exd5 Nd6 $11) 31... d4 $1
(31... Nc8 32. Qg2 $17) 32. exd4 {Nun hätte der Elite mutiger sein müssen. 32.
Lb5 Dd8 33. exd4 Sxf5 34. Td1 sieht zumindest auf den ersten Blick besser aus.
Nun kann sich Schwarz einfach mit 32. ...Sd5 33. Tb3 Sf4 34. Tc3 Sd5 in eine
Remisschaukel flüchten..} (32. Bb5 Qd8 (32... Qxb5 $143 33. Rxc7 Rxh3 34. Qd6
Ba2+ 35. Ka1 $18) 33. exd4 Nd5 $11) 32... Nd5 33. Re1 $2 {Autsch. Was ist das
denn? Ein böser Fehler, der den Elite sofort in Nachteil bringt. Möchte wissen,
was er da zu sehen geglaubt hat.} Nxc3+ 34. bxc3 Re8 {Intuitiv kommt mir hier
34. ...g4 in den Sinn...} 35. Rxe8+ Qxe8 36. Qf2 Qc6 37. Kb2 Bc4 {10 Minuten
hat das CCS über diesem Zug gebrütet. So richtig überzeugen kann er mich indes
nicht. Je mehr abgetauscht wird, desto remisverdächtiger wird die Stellung.
Daberi hat Schwarz durchaus noch Chancen.} 38. Qe2 {Weiss strebt ein
Bauernendspiel an. Ob das CCS da mitmacht?} Qb5+ 39. Kc1 Bxd3 {Schwarz gabelt:
e2+f5} 40. Qxd3 Qd5 41. c4 Qh1+ 42. Kb2 Ka7 {Es ist nicht zu sehen, wie hier
eine Seite gewinnen könnte. Aber ein paar Züge gebe ich den beiden noch...} 43.
d5 {Raumgewinn} Qe1 44. Ka2 {Schade, mit 44. c5 hätte man das Remis forcieren
können, z.B. 44. ...De5+ 45. c3 bxc5 46. Db5 Dxd5 47. Dxa5+ und Weiss kann
Dauerschach erzwingen.} Qe7 45. Kb3 Kb8 46. c3 Kc8 47. a4 Kd7 48. Qf3 Qe1 49.
Kb2 $6 {Einfach Dd3 hätte die Partie im Gleichgewicht behalten. Nun bekommt
Schwarz möglicherweise doch noch Chancen.} Qd2+ 50. Kb3 Kc8 51. Qe4 {Tja, und
da ist nichts mehr zu wollen. Remis abgeschätzt.} 1/2-1/2

[Event "CB-Emu swiss"]
[Site "?"]
[Date "2017.03.25"]
[Round "1"]
[White "Vancouver 32, Mephisto"]
[Black "Designer 2000 Display, Fidelity"]
[Result "1-0"]
[WhiteElo "2260"]
[BlackElo "1860"]
[Annotator "Houdini 4 Pro w32 4core (60s)"]
[PlyCount "103"]
[EventDate "2017.??.??"]

{Der Vancouver läuft stabil mit 54 MHz. Man darf also einiges erwarten. Der
Fidelity hat den Nachteil, dass er die Geschwindigkeit der Emulation nur beim
pondern nutzen kann, da seine höchste reguläre Spielstufe gerade einmal 3 min
45 s erlaubt. Er zeht unter der Emulation also schneller, kann aber natürlich
die Bedenkzeit des Gegners voll nutzen. D17: Damengambit (Slawische
Verteidigung)} 1. d4 Nf6 2. Nf3 d5 3. c4 c6 4. Nc3 dxc4 5. a4 Bf5 6. Ne5 e6 7.
f3 Bb4 8. Bg5 {Ab hier beginnt der Fidelity zu rechnen} Qa5 (8... O-O 9. e4 Bg6
10. Nxc4 c5 11. dxc5 Qxd1+ 12. Rxd1 Nbd7 13. c6 bxc6 14. Bxf6 Nxf6 15. Ne5 Rfc8
16. Ba6 Rc7 17. Ke2 Ne8 18. Rc1 Rb8 19. Nd3 f6 20. Rc2 Bf7 21. Rhc1 Bd6 22. g3
e5 23. Nd1 {Stohl,I (2578)-Jakab,A (2298) Hungary 2001 1-0 (50)}) 9. Rc1 Bxc3+
$146 (9... b5 10. e4 (10. axb5 cxb5 11. e4 Bg6 12. Be2 O-O 13. O-O Bxc3 14.
bxc3 Nbd7 15. Nxd7 Nxd7 16. Qd2 f6 17. Be3 Bf7 18. Ra1 Qc7 19. Rfb1 a6 20. Ra3
Rfd8 21. Qa2 Qd6 22. f4 Rdb8 23. e5 Qb6 24. Bxc4 fxe5 {Somogyi,I (2176)-Halak,
M (2062) Budapest 2011 1-0 (47)}) 10... Nxe4 11. fxe4 Bxe4 12. Bd2 Bd5 13. Qg4
g6 14. Be2 a6 15. O-O Ra7 16. Qf4 O-O 17. Qf6 Qd8 18. Bh6 Qxf6 19. Rxf6 Re8 20.
Rcf1 Ree7 21. Bg4 Bxc3 22. bxc3 a5 23. Rb1 Rab7 24. Rf2 {Somogyi,I (2257)
-Trajber,C (2052) Budapest 2003 1/2-1/2 (59)}) 10. bxc3 b5 11. e4 Bg6 12. Be2
Nfd7 (12... Qxa4 $2 {ist falsch} 13. Qxa4 bxa4 14. Nxc4 $16) 13. Nxg6 hxg6 ({
Schwächer scheint} 13... fxg6 14. axb5 cxb5 15. d5 $16) 14. Bf4 Nb6 15. axb5
cxb5 16. O-O N8d7 17. Qd2 Na4 18. Bd1 O-O {zu sorglos. Besser war Sab6} 19.
Bxa4 bxa4 {Der Doppelbauer war vermeidbar. Zudem ist nun die Bauernaufstellung
am Damenflügel schwach. Aber vielleicht hatte der Fidelity auf den Freibauern
a4 spekuliert..... Schwarz hat einen neuen Freibauern: a4.} (19... Qxa4 $4 20.
Ra1 Qb3 21. Rfb1 $18) 20. Ra1 (20. Bd6 Rfd8 $11) 20... Rfd8 (20... e5 21. dxe5
Nxe5 22. Bxe5 Qxe5 23. Qd4 $11) 21. Qc2 {Ist a4 bedroht?} Nb6 22. Rfb1 f6 23.
e5 {Weiß will den Gegner einengen} (23. h3 Qa6 $11) 23... Kf7 24. h3 Rh8 25.
Re1 {Der Vancouver ist zwar stellungsmäßig etwas vorne, wartet aber eigentlich
nur ab, bis der Gegner einen Fehler macht...} Qb5 26. exf6 gxf6 27. Qe4 Qd5 {
Den Doppelbauern aufzulösen war wohl nicht das Gelbe vom Ei. Der Vancouver
kommt einfach nicht vorwärts...} 28. Re2 Qxe4 29. fxe4 Rhe8 {Man will es kaum
glauben, aber aufgrund der Inaktivität des Vancouver flacht das Spiel auch
hier immer mehr in die Remisrichtung ab. Trotz 400 ELO-Punkten Unterschied.}
30. Rf2 Kg7 31. Bd6 Rh8 32. Be7 f5 33. Re2 fxe4 34. Bd6 Rhc8 (34... Rh4 $5 $11
{ist zu beachten}) 35. Rxe4 $16 Nd5 {Te8 wäre eventuell besser gewesen. Mehr
und mehr kommt Weiss nun in Vorteil. Aber die Masse der vereinzelten Bauern
ist auch schwer - wenn überhaupt - zu verteidigen.} 36. Rxe6 Nxc3 37. Re7+ (37.
Rae1 $142 Rg8 38. Rc1 $16) 37... Kg8 $4 (37... Kh6 $142 $14 {war der letzte
Versuch}) 38. Be5 $18 Kf8 (38... Re8 39. Rg7+ Kh8 40. Rb7+ Kg8 $18) 39. Rg7 Rd8
(39... Ne2+ {ändert den Lauf der Dinge nicht} 40. Kh2 Nf4 $18) 40. Rxg6 $6 {
Kann man natürlich so spielen. Ist auch nicht wirklich schlecht. Aber Tf1+
nebst T1f7 hätte relativ schnell gewonnen...} (40. Rf1+ Ke8 41. Rff7 Ne2+ 42.
Kh2 Nxd4 43. Re7+ Kf8 44. Rgf7+ Kg8 45. Rh7 Nf3+ 46. gxf3 Rd2+ 47. Kg3 Kf8 48.
Reg7 Rg2+ 49. Kxg2 g5 50. Rh8#) 40... Kf7 (40... Ke7 41. Re1 Rg8 42. Rd6 $16)
41. Ra6 (41. Rh6 Nd5 42. Rf1+ Ke8 $18) 41... Rd5 (41... Nd5 42. Kf2 $16) 42.
Kf2 (42. Kh2 $5 Nb5 43. R1xa4 Nxd4 44. Rxc4 Nf3+ 45. gxf3 Rxe5 46. Rc7+ Re7 47.
Rxe7+ Kxe7 48. h4 $16) 42... Rb5 43. Rc6 Rb4 (43... Rb3 44. d5 Nxd5 45. Rxa4
$14) 44. Rf1 (44. h4 $142 Rb3 45. h5 $16 (45. Rxc4 $143 a3 $16)) 44... a3 $4 {
Ein böser Fehler. Tad8 hätte das Spiel herausgezogen. Nun kann Weiss schnell
seinen Vorteil ausbauen.} (44... Nd5 $142 $11 {ist die einzige Rettung}) 45.
Kg1+ $18 {...und diesmal sieht er es} Ke8 (45... Ke7 46. Bd6+ Kd7 47. Bxb4 Kxc6
48. Bxc3 $18) 46. Re6+ {Noch besser erscheint mir Tg6} Kd7 47. d5 $1 {
Hinlenkung: d5} Nxd5 (47... Nxd5 48. Rd6+ {Hinlenkung Doppelangriff}) (47... --
$140 48. Rf7+ {Mattdrohung}) 48. Rd6+ Ke7 49. Rxd5 Ra4 (49... Rb3 {verlängert
das Leiden} 50. Bd4 Rb6 $18) 50. Bd4 $2 {Schade! Wieder verpasst der Vancouver
den schnellen Gewinnweg. 50. Lf6+ Ke6 51. Te5+ Kd6 52. Tfd1+ Kc6 53. Te6+
treibt den König sicher in die Falle...} (50. Bc3 a2 51. Re1+ Kf8 52. Rf5+ Kg8
53. Rg5+ Kf8 54. Rf1+ Ke8 55. Rg8+ Ke7 56. Rxa8 $18) 50... Rc8 {Ke6 hätte das
Spiel nochverzögert. Nun webt Weiss mit Te1+ ein Mattnetz.} (50... Ra6 51. Re5+
Re6 52. Bc5+ Kd7 53. Rd1+ Kc6 54. Rxe6+ Kxc5 $18) 51. Re1+ Kf7 52. Rf5+ {
und der Vancouver sagt ein Matt in 8 Zügen an. Etwas holprig aber letztlich
verdient bringt der Vancouver den Punkt nach Hause. Aber auch der Designer hat
sich dafür, dass er emulationstechnisch in Nachteil war, ziemlich gut verkauft.
} (52. Rf5+ Kg6 53. Rf6+ Kg5 54. Ree6 Ra6 55. Be3+ Kh4 56. Re4+ Kh5 57. Re5+
Kh4 58. Bf2#) 1-0

[Event "CB-Emu swiss"]
[Site "?"]
[Date "2017.03.25"]
[Round "1"]
[White "Rebel 5, Mephisto"]
[Black "Lyon 32, Mephisto"]
[Result "0-1"]
[WhiteElo "2250"]
[BlackElo "2250"]
[Annotator "Houdini 4 Pro w32 4core (60s)"]
[PlyCount "50"]
[EventDate "2017.??.??"]

{D18: Damengambit (Slawische Verteidigung, Hauptvariante)} 1. Nf3 d5 2. d4 Nf6
3. c4 c6 4. Nc3 dxc4 5. a4 Bf5 6. e3 e6 7. Bxc4 Bb4 8. O-O O-O 9. Qb3 Qe7 10.
Bd2 c5 11. Nh4 $146 (11. h3 Nc6 12. d5 Na5 13. Qa2 Nxc4 14. Qxc4 Bxc3 15. Bxc3
Nxd5 16. Be5 Nb6 17. Qc3 f6 18. Bg3 Rfd8 19. Rfc1 Rac8 20. b3 e5 21. Ra2 Nd5
22. Qc4 Be6 23. Qe2 Nb4 24. Ra3 Rd3 25. Qb2 Rcd8 {Litricin,I (1527)-Velikic,A 
(2080) Subotica 2014 0-1 (32)}) (11. d5 exd5 12. Nxd5 Nxd5 13. Bxd5 Nc6 (13...
Na6 14. Rfd1 Rad8 15. Bc3 Bg6 16. Bc4 Bh5 17. Bxa6 Bxf3 18. gxf3 bxa6 19. Qc4
Rd6 20. Rxd6 Qxd6 21. Bxb4 cxb4 22. Rc1 h6 23. Qc6 Qd2 24. Rc2 Qd1+ 25. Kg2 Rd8
26. Rc4 a5 27. Re4 Rd6 28. Qc8+ {Schneider,C (2234)-Hansen,R (2047) Berlin GER
2012 1/2-1/2 (41)}) 14. Bc3 Be4 15. Rfd1 Bxd5 16. Rxd5 Rad8 17. Rad1 h6 18.
R1d2 Rxd5 19. Rxd5 Rd8 20. h3 Bxc3 21. bxc3 b6 22. Qd1 Rxd5 23. Qxd5 Qe6 24.
Qd3 g6 25. e4 {1/2-1/2 (25) Smejkal,J (2600)-Portisch,L (2635) Wijk aan Zee
1975}) (11. Ne2 Bxd2 12. Nxd2 Nc6 13. Qa3 Rfd8 14. Nf3 Bg4 15. Rac1 Ne4 16.
Rfd1 Qf6 17. Bd3 Bxf3 18. gxf3 Ng5 19. f4 Nf3+ 20. Kg2 Nh4+ 21. Kh1 cxd4 22.
Be4 dxe3 23. Bxc6 bxc6 24. fxe3 Qf5 25. Qb4 Qh3 {De Souza Mendes,J-Eliskases,E
Rio de Janeiro 1944 0-1}) 11... Bg4 12. h3 Bh5 13. dxc5 Nc6 14. Nb1 (14. Be1 $5
$11) 14... Bxc5 $17 (14... Qxc5 $6 15. g4 g5 16. Nf3 $11) 15. g4 $4 {führt zu
weiteren Sorgen} (15. Nf3 Rad8 $17) 15... Ne4 (15... Nxg4 $142 {damit würde
Schwarz es sich noch erleichtern} 16. Ng2 Nge5 $19) 16. gxh5 $4 {vergrößert
seine Probleme} (16. Ng2 $142 Bg6 17. Bc3 $19) 16... Qxh4 $19 17. Qxb7 (17. Qc2
{bietet noch letzte Rettungschancen} Rfd8 18. Kg2 Qg5+ 19. Kh1 $19) 17... Ne5
18. Be2 Rfb8 19. Qc7 Bd6 20. Qc1 Nf3+ $3 {Hinlenkung: h1} 21. Kg2 (21. Bxf3
Qxh3 {Mattangriff Hinlenkung}) 21... Nxf2 $1 {Mattangriff} 22. Rh1 (22. Rxf2
Qg3+ {Mattangriff}) 22... Qg3+ 23. Kf1 Nxh1 24. Qc8+ Rxc8 25. h4 (25. h6 {
ändert nichts am Ausgang der Partie} Qxh3#) 25... Nh2# (25... Qh3#) 0-1